| 000 -LEADER |
| fixed length control field |
01165nam a2200265Ia 4500 |
| 001 - CONTROL NUMBER |
| control field |
18515 |
| 003 - CONTROL NUMBER IDENTIFIER |
| control field |
GE_BSU |
| 008 - FIXED-LENGTH DATA ELEMENTS--GENERAL INFORMATION |
| fixed length control field |
181216s||||||||xx |||||||||||||| ||und|| |
| 020 ## - INTERNATIONAL STANDARD BOOK NUMBER |
| International Standard Book Number |
9789941227172 |
| 040 ## - CATALOGING SOURCE |
| Transcribing agency |
GE_BSU |
| 080 ## - UNIVERSAL DECIMAL CLASSIFICATION NUMBER |
| Universal Decimal Classification number |
330.34(479.22) |
| 100 ## - MAIN ENTRY--PERSONAL NAME |
| Personal name |
ერქომაიშვილი,გულნაზ |
| 245 ## - TITLE STATEMENT |
| Title |
საქართველოს განვითარების ეკონომიკური პოლიტიკის პრიორიტეტული მიმართულებები |
| 245 ## - TITLE STATEMENT |
| Statement of responsibility, etc. |
რედ. რევაზ გველესიანი |
| 260 ## - PUBLICATION, DISTRIBUTION, ETC. |
| Place of publication, distribution, etc. |
თბილისი |
| 260 ## - PUBLICATION, DISTRIBUTION, ETC. |
| Name of publisher, distributor, etc. |
უნივერსალი |
| 260 ## - PUBLICATION, DISTRIBUTION, ETC. |
| Date of publication, distribution, etc. |
2016 |
| 300 ## - PHYSICAL DESCRIPTION |
| Extent |
147გვ. ; 20სმ |
| 300 ## - PHYSICAL DESCRIPTION |
| Accompanying material |
ბიბლ.გვ.134-140 |
| 520 ## - SUMMARY, ETC. |
| Summary, etc. |
პარ.სათ. ინგლ.ენ. |
| 653 ## - INDEX TERM--UNCONTROLLED |
| Uncontrolled term |
ეკონომიკა |
| 653 ## - INDEX TERM--UNCONTROLLED |
| Uncontrolled term |
საქართველოს განვითარების ეკონომიკური პოლიტიკის პრიორიტეტული მიმართულებები |
| 942 ## - ADDED ENTRY ELEMENTS (KOHA) |
| Koha item type |
წიგნი |